| 000 | 00717nam a2200265Ia 4500 | ||
|---|---|---|---|
| 001 | Para_3589 | ||
| 003 | CHAP | ||
| 008 | 220125s1909 xx 000 0 und d | ||
| 010 | _a201778 | ||
| 040 | _cCHAP | ||
| 090 | _aPA FOLLETO 1188 | ||
| 100 |
_aGood, Edwin S _949553 |
||
| 245 |
_aSheep scab / _c Edwin S. Good |
||
| 260 |
_aLexington, Kentucky : _b Agricultural Experiment Station |
||
| 300 | _ap. 218-246 | ||
| 440 |
_aKentucky. Agri. Exp. Sta., Bull.; 143 _9166692 |
||
| 650 |
_aGanado lanar _x Plagas |
||
| 901 | _aPA FOLLETO 1188 | ||
| 902 | _aA | ||
| 905 | _a0000001909 LEX 0000000000 00 | ||
| 910 | _a1909 | ||
| 942 | _cPARA | ||
| 942 |
_cPARA _d1 |
||
| 999 |
_c201778 _d201778 |
||